000 00552nam a2200217Ia 4500
003 OSt
005 20220928151041.0
006 a|||||r|||| 00| 0
007 ta
008 220927b |||||||| |||| 00| 0 eng d
024 _a108613
037 _cTextual
040 _aSDCL
_cSDCL
_beng
041 _2eng
_aeng
082 _aO-,1H40:g, K7
100 _aKittredge George Lyman
_9516322
245 0 _aChaucer and his poetry
260 _c1967
942 _hO-,1H40:g, K7
_cTEXL
_2CC
999 _c848558
_d848558